书目信息 |
| 题名: |
工程建设项目招标投标与合同管理实践1000问
|
|
| 作者: | 唐广庆 编著 | |
| 分册: | ||
| 出版信息: | 北京 机械工业出版社 2010.03 |
|
| 页数: | 387页 | |
| 开本: | 26cm | |
| 丛书名: | ||
| 单 册: | ||
| 中图分类: | TU723 | |
| 科图分类: | ||
| 主题词: | 建筑工程--招标--问答 , 建筑工程--投标--问答 , 建筑工程--经济合同--管理--问答 | |
| 电子资源: | ||
| ISBN: | 978-7-111-28699-8 | |
| 000 | 01255nam0 2200241 450 | |
| 001 | 1057707430 | |
| 005 | 20101008160406.82 | |
| 010 | @a978-7-111-28699-8@dCNY65.00 | |
| 100 | @a20101129d2010 ekmy0chiy0120 ea | |
| 101 | @achi | |
| 102 | @aCN@b110000 | |
| 105 | @ay z 000yy | |
| 200 | 1 | @a工程建设项目招标投标与合同管理实践1000问@Agong cheng jian she xiang mu zhao biao tou biao yu he tong guan li shi jian 1000 wen@f唐广庆编著 |
| 210 | @a北京@c机械工业出版社@d2010.03 | |
| 215 | @a387页@d26cm | |
| 330 | @a工程建设施工、监理和招标投标著名专家唐广庆先生从与广大工程建设项目招标投标与合同管理的技术和管理人员实际交流并留下书面记录的1400多个问题中,精选整理出本书的1000个问答实例。本书内容包括:第1章招标,涉及招标的准备、资格审查、发售招标文件、组织招标、开标、评标、定标、中标通知书和签订合同等;第2章投标,涉及投标准备、编制投标文件、参与投标、参加开标、参与澄清、订合同前谈判和签订合同协议书、联合体承包和分包等;第3章建设监理,涉及监理工程师的任务、作用与地位、权力、责任与义务、行为准则等;第4章合同管理,涉及合同 | |
| 606 | 0 | @a建筑工程@x招标@x问答 |
| 606 | 0 | @a建筑工程@x投标@x问答 |
| 606 | 0 | @a建筑工程@x经济合同@x管理@x问答 |
| 690 | @aTU723@v4 | |
| 701 | 0 | @a唐广庆@Atang an qing@4编著 |
| 801 | 0 | @aCN@c20101129 |
| 905 | @dTU723@eT240 | |
| 工程建设项目招标投标与合同管理实践1000问/唐广庆编著.-北京:机械工业出版社,2010.03 |
| 387页;26cm |
| ISBN 978-7-111-28699-8:CNY65.00 |
| 工程建设施工、监理和招标投标著名专家唐广庆先生从与广大工程建设项目招标投标与合同管理的技术和管理人员实际交流并留下书面记录的1400多个问题中,精选整理出本书的1000个问答实例。本书内容包括:第1章招标,涉及招标的准备、资格审查、发售招标文件、组织招标、开标、评标、定标、中标通知书和签订合同等;第2章投标,涉及投标准备、编制投标文件、参与投标、参加开标、参与澄清、订合同前谈判和签订合同协议书、联合体承包和分包等;第3章建设监理,涉及监理工程师的任务、作用与地位、权力、责任与义务、行为准则等;第4章合同管理,涉及合同 |
| ● |
| 相关链接 |
|
|
|
正题名:工程建设项目招标投标与合同管理实践1000问
索取号:TU723/T240
 
预约/预借
| 序号 | 登录号 | 条形码 | 馆藏地/架位号 | 状态 | 备注 |
| 1 | 1032436 | 210324362 | 建筑库201/201建筑库 30排3列1层/ [索取号:TU723/T240] | 在馆 | |
| 2 | 1032437 | 210324371 | 建筑库201/201建筑库 30排3列1层/ [索取号:TU723/T240] | 在馆 | |
| 3 | 1032438 | 210324380 | 建筑库201/201建筑库 30排3列1层/ [索取号:TU723/T240] | 在馆 |